| 000 | 00890nam a2200277Ia 4500 | ||
|---|---|---|---|
| 003 | GCL | ||
| 008 | 140319s9999 xx 000 0 ara d | ||
| 040 |
_aGCL / _cGCL |
||
| 082 | 0 | 4 |
_aق _b323.4 _bم س |
| 100 | 1 | _aمحمد حسين هيكل | |
| 245 | 1 | 0 |
_aالسياسة المصرية والانقلاب الدستورى / _cمحمد حسين هيكل |
| 700 | 1 | _aابراهيم عبدالقادر المازنى | |
| 700 | 1 | _aمحمد عبدالله عنان | |
| 300 | _a134 ص | ||
| 490 | _a | ||
| 650 | 0 | 4 | _aالعصر الحديث |
| 650 | 0 | 4 | _aمصر |
| 650 | 0 | 4 | _aتاريخ |
| 650 | 0 | 4 | _aالاحوال السياسية |
| 650 | 0 | 4 | _aالدستور |
| 650 | 0 | 4 | _aالاحزاب السياسية |
| 650 | 0 | 4 | _aالصحافة المصرية |
| 650 | 0 | 4 | _aحرية الصحافة |
| 650 | 0 | 4 | _aمصر - حزب الاحرار الدستوريين |
| 942 |
_2ddc _cBK |
||
| 999 |
_c39316 _d39316 |
||